Sanoli (Record no. 8876)
[ view plain ]
| 000 -LEADER | |
|---|---|
| fixed length control field | 00647nam a2200253 a 4500 |
| 020 ## - INTERNATIONAL STANDARD BOOK NUMBER | |
| ISBN | |
| 082 00 - DEWEY DECIMAL CLASSIFICATION NUMBER | |
| Classification number | 891.4392 |
| Author Cutter | AZH |
| 100 ## - MAIN ENTRY--AUTHOR NAME | |
| Author name | Azhar Afsar, |
| 245 ## - TITLE STATEMENT | |
| Title | Sanoli |
| 260 ## - PUBLICATION, DISTRIBUTION, ETC. (IMPRINT) | |
| Place of publication | Iran |
| Name of publisher | Idara-I-Adabiyat-I-Urdu |
| Year of publication | 1966 |
| 300 ## - PHYSICAL DESCRIPTION | |
| Number of Pages | 176p |
| 500 ## - GENERAL NOTE | |
| General note | includes index and biblioraphy |
| 505 2# - FORMATTED CONTENTS NOTE | |
| Formatted contents note | by a working party of the churches`committee on migrant workers in europe |
| 650 ## - SUBJECT ADDED ENTRY--TOPICAL TERM | |
| Topical Term | Urdu-Literature |
| 650 ## - SUBJECT ADDED ENTRY--TOPICAL TERM | |
| Topical Term | Drama-Urdu |
| 942 ## - ADDED ENTRY ELEMENTS (KOHA) | |
| Koha item type | Books |
| 700 1# - | |
| -- | Azhar Afsar, |
| Collection code | Home library | Current library | Date acquired | Cost, normal purchase price | Full call number | Accession Number | Koha item type |
|---|---|---|---|---|---|---|---|
| Henry Martyn Institute Library | Henry Martyn Institute Library | 05/31/2007 | 2.00 | 891.4392 AZH | 012822 | Books |
